Statistics for Countries with the most FIFA World Cup Titles

Click here to take the quiz!

General Stats

  • This quiz has been taken 39 times
  • The average score is 8 of 8

Answer Stats

WinsCountry% Correct
3Argentina
100%
5Brazil
100%
2France
100%
4Germany
100%
1Spain
97%
4Italy
95%
1England
92%
2Uruguay
90%

Score Distribution

Percentile by Number Answered

Percent of People with Each Score

Your Score History

You have not taken this quiz